000
00289nam a2200121Ia 4500
005
20251222143231.0
008
251222s9999||||xx |||||||||||||| ||spa||
082
_a
305.3/M22
100
_a
Mansilla, MarĂa Eugenia
245
0
_a
Igualdad de oportunidades:
264
_b
UCSS
942
_c
LIB
999
_c
14186
_d
14186